000 01835nam a2200217Ia 4500
003 Ost
005 20260507075553.0
008 260507s9999||||xx |||||||||||||| ||und||
020 _a9948007905
040 _cfsecg
041 _aara
082 _a330
100 _aالعلاق، بشير علاق
_eمؤلف
245 0 _aالادارة الرقمية :
_bالمجالات و التطبيقات /
_c بشير علاق العلاق
260 _aابوظبي:
_bمركز الامارات للدراسات و البحوث الاستراتيجية,
_c2005
300 _a238 صفحة؛
_bإيضاحات ؛
_c24 سم
504 _aمراجع ص.231
520 _aمدخل الى الادارة الرقمية اضافة الى المفاهيم و التطبيقات و الاتجاهات لدى المنظمات الافتراضية في عصر الانترنت و الاقتصاد الرقمي, التسويق عبر العلاقات المستندة الى التكنولوجيا و التنقيب عن البيانات كذلك الدور الجديد للبحث و التطوير على مستوى المنظمة في عصر الانترنت, اطار عمل لنظام ذكي هجيني لدعم عملية تطوير استراتيجية التسويق و اسنادها, نموذج مفاهيمي مقترح لادارة المعرفة التي يمتلكها العميل, مستقبل الادارة الرقمية و تطبيقاتها في منظمات الاعمال و في بيئة المنظمات غير الربحية و المؤسسات الحكومية, المفهوم و المعمار و الآليات و الاستخدامات في الخدمات الالكترونية و في الاخير الادارة الرقمية في العالم العربي.
653 _aادارة رقمية
942 _cكتاب
999 _c44939
_d44939